Представление документа в формате MARC21

Поле Инд. ПП Название Значение
Тип записи a
Библиографический уровень b
001 Контрольный номер RU/IS/BASE/103738187
005 Дата корректировки 20200522190707.3
084 a Индекс другой классификации/Индекс ББК 60.53; 88.53
100 1_ a Автор Спасибенко С. Г.
245 a Заглавие Общее и индивидуальное в социальной структуре человека
504 a Библиография Библиогр. ссылки
650 a Основная рубрика психология
a Основная рубрика психология личности
a Основная рубрика социальная психология
a Основная рубрика социология
a Основная рубрика социология личности
653 a Ключевые слова автономия личности
a Ключевые слова индивидуальная жизнь
a Ключевые слова индивидуальность
a Ключевые слова общественная жизнь
a Ключевые слова развитие личности
a Ключевые слова свобода личности
773 t Заглавие источника Социально-гуманитарные знания
d Дата издания источника 2001
g Прочая информация № 3. - С. 91 - 101
w Контрольный № источника RU/IS/BASE/139676203
901 t Тип документа b